000 00398nam a2200145 a 4500
001 32569
005 20180714000210.0
008 140415s1972 000 0 spa d
041 _aspa
082 _a621.3848
_bRAD
245 0 0 _aRADAR BASICO
260 _a[s.l.] :
_bCOMPAÑIA EDITORIAL CONTINENTAL,
_c1972
300 _a194
650 1 4 _aRADAR
_xTECNICAS DE IMPULSOS (ELECTRONICA)
999 _c32569
_d32569